000
00278nam a2200121 a 4500
008
100914s1973|||| d
245
1
0
_a
Dobytie bastily I
100
1
_a
Dumas, Alexandre
020
_c
35
260
_b
Tatran
_a
Bratislava
_c
1973
044
_a
xo
_c
SK
041
_a
slo
999
_c
10320
_d
10320